LEADER 01484nam 2200481 450 001 9910813548703321 005 20220524203214.0 010 $a1-911193-33-3 010 $a1-911193-32-5 035 $a(CKB)4100000011444526 035 $a(MiAaPQ)EBC6425424 035 $a(Au-PeEL)EBL6425424 035 $a(EXLCZ)994100000011444526 100 $a20220524d2018 uy 0 101 0 $aeng 135 $aurcnu|||||||| 181 $ctxt$2rdacontent 182 $cc$2rdamedia 183 $acr$2rdacarrier 200 10$aBeyond threat /$fNelisha Wickremasinghe 210 1$aLondon, England :$cTriarchy Press,$d[2018] 210 4$d©2018 215 $a1 online resource (252 pages) 300 $aIncludes bibliography (pages [233]-237) and index. 311 $a1-911193-34-1 320 $aIncludes bibliographical references and index. 327 $aBlank Page -- Blank Page. 330 $aHow the hidden drives and motivations of the Trimotive Brain determine our behaviour at work and what we can do about it. 606 $aPsychology, Industrial 606 $aJob stress 606 $aOrganizational behavior 615 0$aPsychology, Industrial. 615 0$aJob stress. 615 0$aOrganizational behavior. 676 $a155.9 700 $aWickremasinghe$b Nelisha$01686964 801 0$bMiAaPQ 801 1$bMiAaPQ 801 2$bMiAaPQ 906 $aBOOK 912 $a9910813548703321 996 $aBeyond threat$94060083 997 $aUNINA LEADER 01015nam a2200253 i 4500 001 991003516169707536 008 080327s2007 enk b 001 0 eng d 020 $a9780521863315 035 $ab13708351-39ule_inst 040 $aDip.to Studi Giuridici$bita 082 0 $a305.800937 100 1 $aFarney, Gary D.,$d1969-$0505692 245 10$aEthnic identity and aristocratic competition in republican Rome /$cGary D. Farney 260 $aCambridge ;$aNew York :$bCambridge University Press,$c2007 300 $a337 p. :$bill. ;$c24 cm 504 $aCon bibliografia (p. 297-322) 650 04$aIdentità etnica$zRoma antica 650 04$aAristocrazia$zRoma antica 907 $a.b13708351$b02-04-14$c27-03-08 912 $a991003516169707536 945 $aLE027 R-XV/A 35$g1$i2027000178278$lle027$o-$pE65.00$q-$rl$s- $t0$u0$v0$w0$x0$y.i14747765$z09-05-08 996 $aEthnic identity and aristocratic competition in republican Rome$9804201 997 $aUNISALENTO 998 $ale027$b27-03-08$cm$da $e-$feng$gxxk$h0$i0 LEADER 01177nam2 22003131i 450 001 UON00233638 005 20231205103514.242 010 $a86-237-0156-9 100 $a20030730d1991 |0itac50 ba 101 $ahbs 102 $aYU 105 $a|||| ||||| 200 1 $aBarok$fMilorad Pavic 210 $aBeograd$cDosije$cNaucna Knjiga$d1991 215 $a225 p.$d24 cm. 461 1$1001UON00177619$12001 $aIstorija srpske knjizevnosti$1210 $aBeograd$cDosije$cNaucna knjiga$d1991$1215 $a4 v.$d24 cm.$vV. 2 606 $aBAROCCO SERBO$3UONC051871$2FI 606 $aLetteratura serba$xBarocco$3UONC051872$2FI 620 $aRS$dBelgrado$3UONL001000 676 $a891.82$cLetteratura serbo-croata$v21 700 1$aPAVI?$bMilorad$3UONV138030$0636234 712 $aDosije$3UONV269438$4650 712 $aNaucna knjiga$3UONV269301$4650 801 $aIT$bSOL$c20251107$gRICA 899 $aSIBA - SISTEMA BIBLIOTECARIO DI ATENEO$2UONSI 912 $aUON00233638 950 $aSIBA - SISTEMA BIBLIOTECARIO DI ATENEO$dSI CROATO A 0291 $eSI EO 24094 5 0291 996 $aBarok$91180653 997 $aUNIOR